Hacienda pública : (Registro nro. 5793)

Detalles MARC
000 -LEADER
fixed length control field 01219nam a2200301Ia 4500
003 - CONTROL NUMBER IDENTIFIER
control field OSt
005 - DATE AND TIME OF LATEST TRANSACTION
control field 20200709150713.0
008 - FIXED-LENGTH DATA ELEMENTS--GENERAL INFORMATION
fixed length control field 191128s2004 ck ad fr 000 0dspa d
020 ## - INTERNATIONAL STANDARD BOOK NUMBER
International Standard Book Number 9789587710625
040 ## - CATALOGING SOURCE
Original cataloging agency CO-JMCR
Transcribing agency CO-JMCR
041 0# - LANGUAGE CODE
Language code of text/sound track or separate title spa
082 04 - DEWEY DECIMAL CLASSIFICATION NUMBER
Classification number 336.861 /
Item number O772h
Edition number 23
100 1# - MAIN ENTRY--PERSONAL NAME
Personal name Ortega Cárdenas, Alfonso,
Relator term autor
9 (RLIN) 6943
245 10 - TITLE STATEMENT
Title Hacienda pública :
Remainder of title las finanzas del estado /
Statement of responsibility, etc. Alfonso Ortega Cárdenas y Hector Gacía Angarita
250 ## - EDITION STATEMENT
Edition statement Segunda edición
260 ## - PUBLICATION, DISTRIBUTION, ETC.
Place of publication, distribution, etc. Bogotá :
Name of publisher, distributor, etc. Ecoe,
Date of publication, distribution, etc. 2004
300 ## - PHYSICAL DESCRIPTION
Extent xiii, 310 páginas :
Other physical details gráficos a blanco y negro ;
Dimensions 24 cm.
490 0# - SERIES STATEMENT
Series statement Textos Universitarios
500 ## - GENERAL NOTE
General note Incluye datos biográficos de los autores en solapa frontal.
504 ## - BIBLIOGRAPHY, ETC. NOTE
Bibliography, etc. note Bibliografía: páginas 309-310
505 0# - FORMATTED CONTENTS NOTE
Formatted contents note Generalidades -- El gasto público -- El ingreso público -- Otras fuentes de ingreso -- Ingresos de derecho privado -- Ingresos de derecho fiscal -- Crédito externo e interno -- El presupuesto
650 14 - SUBJECT ADDED ENTRY--TOPICAL TERM
Topical term or geographic name entry element Hacienda pública
9 (RLIN) 6944
650 14 - SUBJECT ADDED ENTRY--TOPICAL TERM
Topical term or geographic name entry element Presupuesto público
9 (RLIN) 4371
650 14 - SUBJECT ADDED ENTRY--TOPICAL TERM
Topical term or geographic name entry element Política fiscal
9 (RLIN) 6945
650 14 - SUBJECT ADDED ENTRY--TOPICAL TERM
Topical term or geographic name entry element Condiciones fiscales
9 (RLIN) 6946
700 1# - ADDED ENTRY--PERSONAL NAME
Personal name García Angarita, Hector,
Relator term autor
9 (RLIN) 6947
942 ## - ADDED ENTRY ELEMENTS (KOHA)
Source of classification or shelving scheme Dewey Decimal Classification
Koha item type Books
Existencias
Withdrawn status Lost status Source of classification or shelving scheme Damaged status Not for loan Collection code Home library Current library Date acquired Source of acquisition Full call number Barcode Date last seen Copy number Koha item type
    Dewey Decimal Classification     Non-fiction Biblioteca Pública José María del Castillo y Rada Biblioteca Pública José María del Castillo y Rada 04/15/2018 Donación 336.861 / O772h 430004295 05/16/2024 Ej.1 Books